Membres de la Troupe du Faucon (l'originelle) dans Berserk - Statistiques

Statistiques générales
  • Ce quiz a été pris 29 fois
  • Le résultat moyen est 6 sur 7
Statistiques - réponses
Membres de la Troupe du Faucon % Correct
Casca
100%
Guts
100%
Griffith
89%
Pippin
89%
Rickert
72%
Judeau
61%
Carcus
50%
Aucun quiz correspondant
Distribution des résultats
% des personnes avec chaque résultat
Percentile par nombre de réponses
Votre historique - résultats
Vous n’avez pas pris ce quiz